00916nam a2200265 i 450000100060000000300090000600500170001500700030003200800410003502000180007608000170009410000310011124501110014225000120025326000350026530000410030049000270034150000130036850400330038165000290041483000350044385200330047899900170051195201220052811231ES-MaACL20250728100639.0t|960325s1995 sp ||||1| spa d a84-233-2589-X a141.332(091)1 aWashington, Peter.911614813aEl Mandril de Madame Blavatsky b: historia de la teosofía y del gurú occidental / cPeter Washington. a1ª ed. aBarcelona : bDestino, c1995. a448 p., [16] p. de lám. ; c23 cm.1 aOráculo manual ; v2 aIndices. aBibliografía : p. 419-429. 7aTeosofía2embne9174780 aOráculo manual ; v29228184 aES-MaACLjL-18626 bR.124874 c11231d11231 00104070aATENEOMbATENEOMcDEPO2d2008-01-17eSCl0oL-18626p1011453r2023-02-23 00:00:00w2023-02-23yMONOGRAFIA